| 000 -LEADER |
| fixed length control field |
00363nam a22001097a 4500 |
| 082 ## - DEWEY DECIMAL CLASSIFICATION NUMBER |
| Classification number |
TNC O91x54 K528 |
| 100 ## - MAIN ENTRY--PERSONAL NAME |
| Personal name |
Khoshoo, T.N. |
| 9 (RLIN) |
30657 |
| 245 ## - TITLE STATEMENT |
| Title |
Environmental concerns and strategics |
| Remainder of title |
second revised and enlarged edition |
| Statement of responsibility, etc |
by T.N. Khoshoo |
| 260 ## - PUBLICATION, DISTRIBUTION, ETC. (IMPRINT) |
| Place of publication, distribution, etc |
New Delhi |
| Name of publisher, distributor, etc |
Ashish Publication House |
| Date of publication, distribution, etc |
1988 |
| 300 ## - PHYSICAL DESCRIPTION |
| Extent |
687p |
| 650 ## - SUBJECT ADDED ENTRY--TOPICAL TERM |
| Topical term or geographic name as entry element |
Environment - India |
| 9 (RLIN) |
30658 |